Science - Physics | 1 | 4 | 0 | 0 | 55 | 43 | 81.00 | 0 | 1 |
Science - Biology | 0 | 3 | 0 | 0 | 30 | 75 | 99.33 | 0 | 0 |
History - Cross, Historiography, and Miscellaneous | 0 | 3 | 0 | 0 | 30 | 78 | 97.00 | 0 | 0 |
History - World | 0 | 3 | 0 | 0 | 30 | 66 | 99.67 | 0 | 0 |
Science - Math | 1 | 1 | 0 | 0 | 25 | 23 | 44.50 | 0 | 1 |
Science - Chemistry | 0 | 2 | 0 | 0 | 20 | 95 | 103.00 | 0 | 0 |
Science - Astronomy | 1 | 0 | 0 | 0 | 15 | 42 | 42.00 | 1 | 1 |
Science - Computer Science | 1 | 0 | 0 | 0 | 15 | 33 | 33.00 | 0 | 1 |
Social Science - Linguistics | 1 | 0 | 0 | 0 | 15 | 17 | 17.00 | 1 | 1 |
Social Science - Other | 0 | 1 | 0 | 0 | 10 | 89 | 89.00 | 0 | 0 |
Science - Earth | 0 | 1 | 0 | 0 | 10 | 77 | 77.00 | 0 | 0 |
Social Science - Economics | 0 | 1 | 0 | 0 | 10 | 98 | 98.00 | 0 | 0 |
Current Events - World | 0 | 1 | 0 | 0 | 10 | 125 | 125.00 | 0 | 0 |
History - European | 0 | 0 | 0 | 0 | 0 | | 0.00 | 0 | 0 |